[Event "FRA-ch Veterans"]
[Site "Aix les Bains"]
[Date "2003.08.23"]
[Round "5"]
[White "Lebouchard, Charles"]
[Black "Corrigan, Francis"]
[Result "1-0"]
[WhiteElo "1900"]
[BlackElo "2099"]
[PlyCount "103"]
[EventDate "2003.08.19"]
[EventType "swiss"]
[EventRounds "9"]
[EventCountry "FRA"]
[SourceTitle "EXT 2004"]
[Source "ChessBase"]
[SourceDate "2003.11.25"]
[SourceVersion "1"]
[SourceVersionDate "2003.11.25"]
[SourceQuality "1"]

1. d4 Nf6 2. Nf3 e6 3. g3 b6 4. Bg2 Bb7 5. c4 Bb4+ 6. Bd2 Qe7 7. 0-0 Bxd2 8. Qxd2 Ne4 9. Qc2 f5 10. Nc3 Nxc3 11. Qxc3 0-0 12. Ne5 Bxg2 13. Kxg2 d6 14. Nd3 c5 15. e3 Nd7 16. Rac1 Nf6 17. f3 Rae8 18. Nf2 Qb7 19. h3 g5 20. g4 Re7 21. gxf5 exf5 22. d5 Qc8 23. Kh2 Qe8 24. Rce1 Qh5 25. e4 fxe4 26. Nxe4 Nxe4 27. fxe4 Rxf1 28. Rxf1 Qe2+ 29. Kg1 Re5 30. Re1 Qh5 31. Kf2 Re7 32. Qg3 Rf7+ 33. Ke3 Rf4 34. Kd2 Qg6 35. Re2 Qf6 36. Kc2 h6 37. Qc3 Qf7 38. e5 Qf5+ 39. Kb3 Rd4 40. Re3 dxe5 41. Ka3 e4 42. b3 Qf2 43. Qe1 Qg2 44. Qe2 Qh1 45. Qe1 Qh2 46. Rxe4 Rxe4 47. Qxe4 Qxh3 48. Qe8+ Kg7 49. Qe7+ Kg6 50. d6 Qc3 51. Qe8+ Kf6 52. Qh8+ 1-0

[Event "FRA-ch Veterans"]
[Site "Val d'Isere"]
[Date "2002.08.??"]
[Round "7.4"]
[White "Dubreuil, Remy"]
[Black "Lebouchard, Charles"]
[Result "1-0"]
[WhiteElo "2053"]
[BlackElo "1820"]
[PlyCount "46"]
[EventDate "2002.08.20"]
[EventType "swiss"]
[EventRounds "11"]
[EventCountry "FRA"]
[SourceTitle "EXT 2003"]
[Source "ChessBase"]
[SourceDate "2002.11.25"]
[SourceVersion "1"]
[SourceVersionDate "2002.11.25"]
[SourceQuality "1"]

1. e4 c5 2. Nf3 e6 3. d4 cxd4 4. Nxd4 Nc6 5. Nc3 Qc7 6. Be2 a6 7. 0-0 Nf6 8. Kh1 Be7 9. f4 d6 10. Be3 Bd7 11. Qe1 0-0 12. Qg3 b5 13. a3 Na5 14. f5 Rfe8 15. Bh6 g6 16. fxe6 Bxe6 17. Bg5 Nd7 18. Bxe7 Rxe7 19. Nf5 Ree8 20. Nxd6 Red8 21. Rad1 Nb6 22. e5 Nbc4 23. Nce4 Qc5 1-0

[Event "FRA-ch Veterans"]
[Site "Val d'Isere"]
[Date "2002.08.??"]
[Round "5.5"]
[White "Lebouchard, Charles"]
[Black "Vernadet, Jacques"]
[Result "1-0"]
[WhiteElo "1820"]
[BlackElo "2040"]
[PlyCount "65"]
[EventDate "2002.08.20"]
[EventType "swiss"]
[EventRounds "11"]
[EventCountry "FRA"]
[SourceTitle "EXT 2003"]
[Source "ChessBase"]
[SourceDate "2002.11.25"]
[SourceVersion "1"]
[SourceVersionDate "2002.11.25"]
[SourceQuality "1"]

1. d4 Nf6 2. c4 e6 3. Nf3 c5 4. Nc3 cxd4 5. Nxd4 Nc6 6. g3 Bb4 7. Bg2 Qa5 8. Ndb5 0-0 9. Bf4 e5 10. Bd2 a6 11. Na3 Rd8 12. Nc2 Bxc3 13. Bxc3 Qc5 14. Ne3 b5 15. b4 Qf8 16. c5 Ra7 17. Nf5 a5 18. a3 Qe8 19. Nd6 Qe6 20. 0-0 axb4 21. axb4 Rxa1 22. Qxa1 Qb3 23. Rb1 Qa4 24. Qxa4 bxa4 25. Ra1 Ne8 26. Rxa4 Nxd6 27. cxd6 Re8 28. b5 Nd8 29. Ra8 Ne6 30. Bb7 Nf8 31. Rxc8 Re6 32. Bd5 Rg6 33. b6 1-0

[Event "FRA-ch op-A"]
[Site "Auxerre"]
[Date "1996.??.??"]
[Round "8"]
[White "Siino, Christian"]
[Black "Lebouchard, Charles"]
[Result "1-0"]
[WhiteElo "1770"]
[BlackElo "1820"]
[PlyCount "53"]
[EventDate "1996.08.??"]
[EventType "swiss"]
[EventRounds "10"]
[EventCountry "FRA"]
[SourceTitle "EXT 2004"]
[Source "ChessBase"]
[SourceDate "2003.11.25"]
[SourceVersion "1"]
[SourceVersionDate "2003.11.25"]
[SourceQuality "1"]

1. b4 e5 2. Bb2 Bxb4 3. Bxe5 Nf6 4. Nf3 d5 5. g3 c5 6. Bg2 Nc6 7. Bb2 Be6 8. 0-0 0-0 9. a4 Ba5 10. Na3 Qe7 11. Rb1 Nd7 12. Bc1 Rab8 13. d3 Bc7 14. Nb5 Ba5 15. Bf4 Rfe8 16. Bxb8 Rxb8 17. c4 dxc4 18. dxc4 Bxc4 19. Qc2 Bxe2 20. Rfc1 Nb4 21. Qd2 Nc6 22. Nc3 Ba6 23. Re1 Qf6 24. Qxd7 Rf8 25. Nd5 Qd8 26. Qxd8 Rxd8 27. Ne7+ 1-0